000
00302nam a2200121Ia 4500
008
220204s9999 xx 000 0 und d
082
_a
581.2:638.15
_b
BAI
100
_a
Bailey, Leslie
245
0
_a
Honeybee pathology
260
_a
London
_b
Academic
_c
1981
650
_a
Honey bee pathology
942
_c
BK
999
_c
37772
_d
37772